UBT Library

Medical-surgical nursing : (Record no. 43937)

000 -LEADER
fixed length control field 00695pam a2200241 a 4500
001 - CONTROL NUMBER
control field 2909942
005 - DATE AND TIME OF LATEST TRANSACTION
control field 20180302034606.0
008 - FIXED-LENGTH DATA ELEMENTS--GENERAL INFORMATION
fixed length control field 880623s1989 mouaf b 001 0 eng c
010 ## - LIBRARY OF CONGRESS CONTROL NUMBER
LC control number 88013257
020 ## - INTERNATIONAL STANDARD BOOK NUMBER
International Standard Book Number 0801632463
040 ## - CATALOGING SOURCE
Original cataloging agency DNLM/DLC
Transcribing agency DLC
Modifying agency DLC
041 ## - LANGUAGE CODE
Language code of text/sound track or separate title eng
060 ## - NATIONAL LIBRARY OF MEDICINE CALL NUMBER
Classification number WY 150 M48933
080 ## - UNIVERSAL DECIMAL CLASSIFICATION NUMBER
Universal Decimal Classification number 610.73 long
082 00 - DEWEY DECIMAL CLASSIFICATION NUMBER
Classification number 610.73 long
Edition number 19
100 ## - Rafti
Rafti 2
101 ## - Shkurtesa
Shkurtesa shk
245 00 - TITLE STATEMENT
Title Medical-surgical nursing :
Statement of responsibility, etc edited by Barbara C. Long, Wilma J. Phipps.
504 ## - BIBLIOGRAPHY, ETC. NOTE
Bibliography, etc Includes bibliographies and index.
906 ## - LOCAL DATA ELEMENT F, LDF (RLIN)
a 7
b cbc
c orignew
d 1
e ocip
f 19
g y-gencatlg
942 ## - ADDED ENTRY ELEMENTS (KOHA)
Source of classification or shelving scheme
Item type Books
Holdings
Withdrawn status Lost status Source of classification or shelving scheme Damaged status Not for loan Collection code Permanent location Current location Shelving location Date acquired Total Checkouts Full call number Barcode Date last seen Price effective from Koha item type
          Koleksioni i përgjithshem UBT - Lipjan UBT - Lipjan Koleksioni i përgjithshem 03/02/2018   610.73 long 002-3000523 03/02/2018 03/02/2018 Books
UBT Library © 2015-2024. All rights reserved University Education for Business and Technology